000 00510nam a2200181Ia 4500
005 20250423100602.0
008 250422s9999 xx 000 0 und d
020 _a0815125690 |a 9780815125693
050 _aRB 127 .P73/
245 0 _aPractical management of pain
250 _a3rd ed.
260 _aSt. Louis
260 _bMosby
260 _c2000
300 _a1070 p
650 _aPain--Treatment. Intractable pain--Treatment. Analgesia. Pain--therapy. Chronic Disease--therapy.
942 _cBK
999 _c33752
_d33752